Seguridad social en la economía social de mercado
Uloženo v:
| Hlavní autoři: | , |
|---|---|
| Médium: | Kniha |
| Jazyk: | španělština |
| Vydáno: |
Buenos Aires
CIEDLA
1995
|
| Témata: | |
| Tagy: |
Přidat tag
Žádné tagy, Buďte první, kdo vytvoří štítek k tomuto záznamu!
|
MARC
| LEADER | 00000nam a2200000 a 4500 | ||
|---|---|---|---|
| 001 | UCH0037 | ||
| 003 | CL-VaPUC | ||
| 008 | 090108e19950000AG |||||||||||||||||spa|d | ||
| 020 | |a 9509431443 | ||
| 082 | 0 | 4 | |a 362 |b LAC |2 21 |
| 100 | 0 | |a Lachmann, Werner |e author |9 534109 | |
| 700 | 0 | |a Rösner, Hans Jurgen |e author |9 534110 | |
| 245 | 1 | 0 | |a Seguridad social en la economía social de mercado |
| 300 | |a 502 p | ||
| 942 | |c BK | ||
| 945 | |d 20090108 00:00:00 |a rbrito | ||
| 260 | |a Buenos Aires |b CIEDLA |c 1995 | ||
| 650 | 0 | |a Seguridad social |9 255322 | |
| 650 | 0 | |a Desarrollo económico |9 259599 | |
| 650 | 0 | |a Economía social de mercado |9 258280 | |
| 650 | 0 | |a Democracia |9 255256 | |
| 650 | 0 | |a Política social |9 257588 | |
| 650 | 0 | |a Justicia social |9 314874 | |
| 583 | |a last modification |c 20121217 10:07:38 |k Rodrigo Vera | ||
| 999 | |c 332442 |d 332440 | ||
| 952 | |0 0 |1 0 |4 0 |6 362_000000000000000_LAC_1995 |7 0 |8 A |9 420155 |a BIBHIS |b BIBHIS |d 2019-11-22 |i 4510631 |o 362 LAC 1995 |p 4510631 |r 2025-01-20 |w 2019-11-22 |y BK |k HIS | ||